Methodology of the social sciences (Record no. 371447)

000 -LEADER
fixed length control field 00374cam a22001337a 4500
008 - FIXED-LENGTH DATA ELEMENTS--GENERAL INFORMATION
fixed length control field 180718b1958 xxu||||| |||| 00| 0 eng d
082 ## - DEWEY DECIMAL CLASSIFICATION NUMBER
Classification number B08 K162
100 ## - MAIN ENTRY--PERSONAL NAME
Personal name Kaufmann, Felix
245 ## - TITLE STATEMENT
Title Methodology of the social sciences
Statement of responsibility, etc. by Felix Kaufmann
260 ## - PUBLICATION, DISTRIBUTION, ETC.
Place of publication, distribution, etc. London
Name of publisher, distributor, etc. Thames & Hudson
Date of publication, distribution, etc. 1958
300 ## - PHYSICAL DESCRIPTION
Extent 272p.
500 ## - GENERAL NOTE
General note Sh.35.00
650 ## - SUBJECT ADDED ENTRY--TOPICAL TERM
Topical term or geographic name entry element Social sciences -Methodology
Holdings
Withdrawn status Lost status Damaged status Not for loan Permanent Location Current Location Date acquired Full call number Barcode Date last seen Price effective from Koha item type
        Indian Institute of Public Administration Indian Institute of Public Administration 2009-03-18 B08 K162 C.5 55051 2018-07-21 2018-07-21 Book
        Indian Institute of Public Administration Indian Institute of Public Administration 1994-06-10 B08 K162 14534 2018-07-21 2018-07-21 Book
        Indian Institute of Public Administration Indian Institute of Public Administration 1994-06-10 B08 K162 14533 2018-07-21 2018-07-21 Book

Powered by Koha